| 000 | 01642nam0a2200349 4500 | ||
|---|---|---|---|
| 001 | RU\NLR\bibl\1928321 | ||
| 005 | 20260405204450.0 | ||
| 010 |
_a978-5-17-056412-5 _bАСТ |
||
| 010 |
_a978-5-271-22294-8 _bАстрель |
||
| 010 |
_a978-226-01781-0 _bВКТ _95000 |
||
| 021 |
_aRU _b2012-50275 _93674 |
||
| 035 | _a(NLR Aleph) 001917701 | ||
| 090 |
_a3263169 _c3263169 |
||
| 100 | _a20120725d2012 |||y0rusy50 ca | ||
| 101 | 0 | _arus | |
| 102 | _aRU | ||
| 105 | _aa ||||||||| | ||
| 200 | 1 |
_a10 шагов к успеху начинающего виноградаря. Вся средняя полоса России и Урал _eсоветы практика для дачников и садоводов _fВиктор Жвакин |
|
| 210 |
_aМосква _cАСТ _cАстрель _aВладимир _cВКТ _d2012 |
||
| 215 |
_a91, [3] с. _cил. _d20 |
||
| 320 | _aБиблиогр. в конце кн. (8 назв.) | ||
| 606 | 1 |
_aВиноградная лоза _xКультура на приусадебных участках _yРоссийская Федерация _yЕвропейская часть _yЦентр _92501182 _3RU\NLR\auth\661483443 |
|
| 606 | 1 |
_aВиноградная лоза _xКультура на приусадебных участках _yУрал _92549220 _3RU\NLR\auth\661508589 |
|
| 686 | _aП26,1(2Р36) | ||
| 686 | _aП26,1(2Р34) | ||
| 700 | 1 |
_4070 _7ca _8rus _aЖвакин _bВ. В. _f1949- _gВиктор Владимирович _974687 _3RU\NLR\AUTH\7791760 |
|
| 801 | 0 |
_aRU _bNLR _c20120725 _gRCR |
|
| 801 | 1 |
_aRU _bNLR _c20120725 |
|
| 942 | _cBOOK | ||
| 980 | _aNB | ||